Grundwissen-Europa - Statistiken

Allgemein
  • Dieses Quiz wurde 198 mal gespielt
    152 seit der letzten Aktualisierung
  • Das Durchschnittsergebnis liegt bei 5 aus 10
Antwortstatistiken
Frage Antwort % Korrekt
Welcher Herrscher besiegte im 18. Jahrhundert fast ganz Europa? Napoleon Bonaparte
80%
Was sind die 3 größten Länder Europas? Russland, Ukraine, Frankreich
80%
Was ist die größte Halbinsel? Skandinavische Halbinsel
76%
Einzigster Kontinent, der kleiner ist als Europa: Australien
71%
Welches Land hat die meisten Einwohner nach Russland? Deutschland
58%
Meist gesprochene Muttersprache Europas: Deutsch
55%
Aus welcher "Saga" kommt das Wort Europa? Europa und der Stier
44%
Wie viele Länder sind in Europa( mit Transkontinentalen Ländern)? 50
15%
Welches Land herrschte über ganz Westeuropa um das 8. Jahrhundert? Frankenreich
11%
Wie viele Quadratkilometer hat Europa? 10,5 Quadratkilometer
9%
Keine übereinstimmenden Quizze gefunden
Verteilung der Resultate
Anzahl Personen mit jedem Resultat
Perzentil nach korrekt beantworteten Fragen
Ihre Resultats-Entwicklung
Sie haben dieses Quiz seit der letzten Aktualisierung nicht gespielt